Inauguración de las escuelas comunes de la capital (Record no. 180716)

MARC details
000 -LEADER
campo de control de longitud fija 00640nam a2200157 i 4500
001 - NÚMERO DE CONTROL
campo de control 180716
003 - IDENTIFICADOR DE NÚMERO DE CONTROL
campo de control ES-MaACL
005 - FECHA Y HORA DE LA ÚLTIMA TRANSACCIÓN
campo de control 20230906221154.0
008 - DATOS DE LONGITUD FIJA--INFORMACIÓN GENERAL
campo de control de longitud fija 120702s1884 ag |||| | spa d
245 00 - MENCIÓN DEL TÍTULO
Título Inauguración de las escuelas comunes de la capital
Resto del título : discursos : junio 1º de 1884.
260 ## - PUBLICACIÓN, DISTRIBUCIÓN, ETC.
Lugar de publicación, distribución, etc. Buenos Aires :
Nombre del editor, distribuidor, etc. [s.n.],
Fecha de publicación, distribución, etc. 1884 (
Fabricante Imp. y lit. La Tribuna Nacional)
300 ## - DESCRIPCIÓN FÍSICA
Extensión 22 p. ;
Dimensiones 24 cm.
505 8# - NOTA DE CONTENIDO CON FORMATO
Nota de contenido con formato Contiene: Discurso del presidente de la Comisión Nacional de Educación y Discurso del presidente de la república, Julio A. Roca
650 #4 - PUNTO DE ACCESO ADICIONAL DE MATERIA--TÉRMINO DE MATERIA
Término de materia o nombre geográfico como elemento de entrada Enseñanza pública-
Subdivisión geográfica Argentina.
9 (RLIN) 150815
852 ## - LOCALIZACIÓN
Ubicación ES-MaACL
Número de control de estantería T-452-F-16
Holdings
Estatus retirado Estado de pérdida Estado de daño No para préstamo Colección Biblioteca de origen Biblioteca actual Ubicación en estantería Fecha de adquisición Fuente de adquisición Total de préstamos Signatura topográfica completa Código de barras Visto por última vez Precio de reemplazo Tipo de ítem Koha
        Colección de folletos Biblioteca del Ateneo de Madrid Biblioteca del Ateneo de Madrid Depósito folletos 02/07/2012     T-452-F-16 1189903 23/02/2023 23/02/2023 Folleto